<?xml version="1.0" encoding="UTF-8"?>
<record
    xmlns:xsi="http://www.w3.org/2001/XMLSchema-instance"
    xsi:schemaLocation="http://www.loc.gov/MARC21/slim http://www.loc.gov/standards/marcxml/schema/MARC21slim.xsd"
    xmlns="http://www.loc.gov/MARC21/slim">

  <leader>00445nam a2200157Ia 4500</leader>
  <controlfield tag="008">230718s9999    xx            000 0 und d</controlfield>
  <datafield tag="041" ind1=" " ind2=" ">
    <subfield code="a">eng</subfield>
  </datafield>
  <datafield tag="082" ind1=" " ind2=" ">
    <subfield code="a">576.82</subfield>
    <subfield code="b">DAW</subfield>
  </datafield>
  <datafield tag="100" ind1=" " ind2=" ">
    <subfield code="a">Dawkins R.</subfield>
    <subfield code="9">161344</subfield>
  </datafield>
  <datafield tag="245" ind1=" " ind2=" ">
    <subfield code="a">Greatest Show On Earth:</subfield>
    <subfield code="b">The Evidence For Evolution</subfield>
  </datafield>
  <datafield tag="260" ind1=" " ind2=" ">
    <subfield code="c">2009</subfield>
    <subfield code="b">Bantam Press</subfield>
  </datafield>
  <datafield tag="300" ind1=" " ind2=" ">
    <subfield code="a">470</subfield>
  </datafield>
  <datafield tag="365" ind1=" " ind2=" ">
    <subfield code="c">Rs.</subfield>
    <subfield code="b">503.00</subfield>
  </datafield>
  <datafield tag="700" ind1=" " ind2=" ">
    <subfield code="a">Dawkins R.</subfield>
    <subfield code="9">161344</subfield>
  </datafield>
  <datafield tag="906" ind1=" " ind2=" ">
    <subfield code="d">O:0053510-Feb-2010B:183906-Oct-2009</subfield>
    <subfield code="c">GENRL</subfield>
    <subfield code="b">100.6</subfield>
  </datafield>
  <datafield tag="999" ind1=" " ind2=" ">
    <subfield code="c">323784</subfield>
    <subfield code="d">323784</subfield>
  </datafield>
  <datafield tag="952" ind1=" " ind2=" ">
    <subfield code="0">0</subfield>
    <subfield code="1">0</subfield>
    <subfield code="4">0</subfield>
    <subfield code="7">0</subfield>
    <subfield code="a">CCEP</subfield>
    <subfield code="b">CCEP</subfield>
    <subfield code="d">2010-02-11</subfield>
    <subfield code="e">Tbs</subfield>
    <subfield code="f">GENRL</subfield>
    <subfield code="g">402.40</subfield>
    <subfield code="i">1839</subfield>
    <subfield code="l">4</subfield>
    <subfield code="o">576.82</subfield>
    <subfield code="p">CCEP-BK-34991</subfield>
    <subfield code="r">2026-02-04 12:06:14</subfield>
    <subfield code="s">2026-02-04</subfield>
    <subfield code="t">100.6</subfield>
    <subfield code="v">503.00</subfield>
    <subfield code="w">2009-10-06</subfield>
    <subfield code="y">BK</subfield>
    <subfield code="z">034991</subfield>
  </datafield>
</record>
